000
00320 a2200157 4500
001
56885
020
_a
851604341X
040
_c
Anchieta - Pituba
100
_a
McDonald, Megan
240
1
0
_a
Judy Moody
_l
por
245
1
0
_a
Judy Moody
300
_a
183
362
0
_a
2004
650
4
_a
Literatura juvenil
942
_c
BK
999
_c
56885
_d
56885